Střed Evropy okolo roku 1000 : 27. výstava Rady Evropy : příručka a katalog k výstavě : Praha (Pražský hrad) 17.3.-9.6.2002. Sv. esejí 1, Sv. esejí 2, katalog /

Další autoři: Hinz, Hans-Martin, 1947-, Wieczorek, Alfried
Jazyk: Čeština
Vydáno: Praha : Nakladatelství Lidové noviny, 2002
Témata:
Fyzický popis: 550 s. : 30 cm
Knihy
Uloženo v:
LEADER 01511nam a2200397 a 4500
001 000591801
003 CZ BrMZK
005 20210324072734.0
007 ta
008 020325s2002 xr e c cze d
015 |a cnb001175937 
020 |a 80-7106-549-8 
040 |a BOA001  |b cze 
043 |a ec----- 
045 |a n-o- 
072 7 |a 94(4)  |x Dějiny Evropy  |2 Konspekt  |9 8 
080 |a 930.85  |2 MRF 
080 |a 94(4-191.2)  |2 MRF 
080 |a (082)  |2 MRF 
080 |a (083.824)  |2 MRF 
245 0 0 |a Střed Evropy okolo roku 1000 :  |b 27. výstava Rady Evropy : příručka a katalog k výstavě : Praha (Pražský hrad) 17.3.-9.6.2002.  |n Sv. esejí 1, Sv. esejí 2, katalog /  |c vydali Alfried Wieczorek a Hans-Martin Hinz 
260 |a Praha :  |b Nakladatelství Lidové noviny,  |c 2002 
300 |a 550 s. :  |b 30 cm 
500 |a Přeloženo z němčiny, polštiny a slovenštiny 
500 |a Název vícejazyčně 
504 |a Obsahuje bibliografii 
648 4 |a 10.-11. stol. 
650 0 7 |a kultura a společnost  |7 ph122010  |z Evropa střední  |y 10.-11. stol.  |2 czenas 
651 7 |a Evropa střední  |7 ge137882  |x dějiny  |y 10.-11. stol.  |2 czenas 
655 7 |a katalogy výstav  |7 fd132536  |2 czenas 
655 7 |a sborníky  |7 fd163935  |2 czenas 
700 1 |a Hinz, Hans-Martin,  |d 1947-  |7 ola2009531630  |4 edt 
700 1 |a Wieczorek, Alfried  |7 xx0061073  |4 edt 
910 |a BOA001  |b 4-1100.252 
990 |a BK 
996 6 |b 2610157659  |c 4-1100.252  |l MZK  |r Sklad / do 1 hodiny  |n 35  |p p.v.  |w 000591801  |u 000010  |a 1  |e BOA001  |j MZK50  |s P